00560nam a2200169 a 450000100100000000500170001000800410002704000250006811000320009324000180012524500330014326000580017630000250023404900090025995201050026899900170037300003361320200930070403.0110901s1874 dr 000 0 spa d aDO-SdBNPbspacBNPHU1 aRepública Dominicana944710a[Leyes, etc.]10aCódigo civil dominicano /. aSanto Domingo :aImprenta de García Hermano,c1874. a259, xi p. ;c24 cm. aBNPD 001050718RVaPDbPDcCTd2011-09-01iLF1l0o p33613-10r2020-06-25w2020-06-25y1ZNo se presta c33104d33104